Bilecik Bilecik Bilecik Bilecik Bilecik

Fundamentos de la religion islamica : (Record no. 74776)

MARC details
000 -BAŞLIK
Sabit Uzunluktaki Kontrol Alanı 01621nam a22003857a 4500
001 - KONTROL NUMARASI
Control Dosyası 0074022
003 - KONTROL NUMARASI KİMLİĞİ
Kontrol Alanı KOHA_MİRAKIL
005 - EN SON İŞLEM TARİHİ ve ZAMANI
Kontrol Alanı 20260207005202.0
007 - FİZİKSEL TANIM SABİT ALAN - GENEL BİLGİ
Sabit uzunluklu kontrol alanı ta
008 - SABİT UZUNLUKTAKİ VERİ ÖGELERİ - GENEL BİLGİ
Sabit Alan 250515b2014 tu |||gr||||#0|||0|spa |
020 ## - ISBN - ULUSLARARASI STANDART KİTAP NUMARASI
Isbn 9789751959898
040 ## - KATALOGLAMA KAYNAĞI
Özgün Kataloglama Kurumu TR-BiSEU
Kataloglama Dili tur
Çeviri Kurumu TR-BiSEU
Açıklama Kuralları rda
041 0# - DİL KODU
Metin ya da ses kaydının dil kodu spa
044 ## - YAYINLAYAN/ÜRETEN KURULUŞUN ÜLKE KODU
ISO country code tu
050 ## - SINIFLAMA ve YER NUMARASI
Sınıflama Numarası BP165.5
Yer Numarası .Y39 2014
100 1# - KİŞİ ADI
Yazar Adı (Kişi adı) Yazıcı, Seyfettin.
245 1# - ESER ADI BİLDİRİMİ
Başlık Fundamentos de la religion islamica :
Alt Eseradı vb. principios la creencia, plegarias, moralidad, la vida del profeta Muhammad/
Sorumluluk Bildirimi Seyfettin Yazıcı ; Seyfettin Yazıcı ; traductora Kübra Sarı Seo Lecoq.
250 ## - BASIM BİLDİRİMİ
Basım Bildirimi 2nd edition
264 #1 - ÜRERİM, YAYIN, DAĞITIM ve TELİF BİLDİRİMİ
Yayın yeri Ankara :
Yayınlayan Diyanet İşleri Başkanlığı
Yayın tarihi 2014
300 ## - FİZİKSEL TANIMLAMA
Sayfa, Cilt vb. 292 pages: illustrated ;
Boyutları 24 cm.
336 ## - İÇERİK TÜRÜ
Content type term metin
Content type code txt
Source rdacontent
337 ## - MEDYA TÜRÜ
Media type term aracısız
Media type code n
Source rdamedia
338 ## - TAŞIYICI TÜRÜ
Carrier type term cilt
Carrier type code nc
Source rdacarrier
490 1# - DİZİ BİLDİRİMİ
Dizi Bildirimi Ediciones del Ministerio de Asuntos Religiosos ;
Cilt Numarası 1009.
490 1# - DİZİ BİLDİRİMİ
Dizi Bildirimi Libros Profesionales ;
Cilt Numarası 74
650 #0 - KONU BAŞLIĞI EK GİRİŞ - KONU TERİMİ
Konusal terim veya coğrafi ad Fundamental principles of Islam.Fundamentals of belief, worship, moral values.The life of the Prophet Muhammad.Concepts such as truth, justice, mercy and tolerance in Islam.
9 (RLIN) 149817
650 #0 - KONU BAŞLIĞI EK GİRİŞ - KONU TERİMİ
Konusal terim veya coğrafi ad İslam dininin temel prensipleri.
9 (RLIN) 149818
650 #0 - KONU BAŞLIĞI EK GİRİŞ - KONU TERİMİ
Konusal terim veya coğrafi ad İnanç esasları, ibadetler, ahlaki değerler.
9 (RLIN) 149819
650 #0 - KONU BAŞLIĞI EK GİRİŞ - KONU TERİMİ
Konusal terim veya coğrafi ad Hz. Muhammed'in hayatı.
9 (RLIN) 126502
650 #0 - KONU BAŞLIĞI EK GİRİŞ - KONU TERİMİ
Konusal terim veya coğrafi ad İslam'da doğruluk, adalet, merhamet ve hoşgörü gibi kavramlar.
9 (RLIN) 149820
830 1# - SERİ EK GİRİŞİ - TEKBİÇİM ESER ADI
Tekbiçim Başlık Ediciones del Ministerio de Asuntos Religiosos ;
Volume number/sequential designation 1009.
9 (RLIN) 149821
830 1# - SERİ EK GİRİŞİ - TEKBİÇİM ESER ADI
Tekbiçim Başlık Libros Profesionales ;
Volume number/sequential designation 74
9 (RLIN) 149822
907 ## - LOCAL DATA ELEMENT G, LDG (RLIN)
a Din
942 ## - EK GİRİŞ ÖGELERİ (KOHA)
Source of classification or shelving scheme Library of Congress Classification
Koha item type Book
Holdings
Materyal Türü Kalıcı Konum Mevcut Konum Raf Yeri Sınıflandırma Kaynağı Edinim Bilgisi Ana Konular Alt Konular Yer Numarası Demirbaş Numarası Fatura Tarihi Geri Çekilme Durumu Kayıp Durumu Hasarlı Durumu Kredi için değil Kayıt Tarih Toplam Ödünçverme Son Görülme Tarihi Son Kontrol Tarihi Genel / Bağış Notu
Book Prof. Dr. Azmi Özcan Kütüphanesi Prof. Dr. Azmi Özcan Kütüphanesi Uluğbey Salonu Library of Congress Classification Bağış FELSEFE, PSİKOLOJİ, DİN İslam, Bahailik, Teozofi vb. BP165.5 .Y39 2014 0074022 02/02/2026         15/05/2025   22/09/2025 22/09/2025 Christopher FERRARD, Akademisyen